Capital cities beginning with U & V - Statistics

General Stats
  • This quiz has been taken 69 times
  • The average score is 6 of 8
Answer Stats
Answer % Correct
Ulaanbaatar
96%
Vaduz
88%
Vienna
88%
Vientiane
88%
Valletta
79%
Vatican City
66%
Vilnius
63%
Victoria
57%
No matching quizzes found
Score Distribution
Percent of People with Each Score
Percentile by Number Answered
Your Score History
You have not taken this quiz